| 000 | 00903nam a22002657a 4500 | ||
|---|---|---|---|
| 003 | OSt | ||
| 005 | 20260306023809.0 | ||
| 008 | 260306b |||||||| |||| 00| 0 eng d | ||
| 020 | _a9780525571414 | ||
| 040 |
_aDWCL - Main Lib. _cOC |
||
| 082 | _aCirc. 510 H847 2022 | ||
| 100 | _aOrtiz, Concetta | ||
| 245 |
_aHow to survive middle school math : _ba do-it-yourself study guide / _cConcetta Ortiz [and three others] |
||
| 250 | _aFirst edition | ||
| 260 |
_aNew York : _bBright Matter Books, _cc2022. |
||
| 300 |
_a526 pages : _bcolored illustrations ; _c23cm. |
||
| 501 | _aIncludes vocabulary and notes. | ||
| 650 | _a1. Mathematics -- Study and teaching. | ||
| 650 | _a2. Mathematics -- Study guides. | ||
| 650 | _a3. Mathematics -- Problems, exercises, etc. | ||
| 700 | _aI. Fazio, Matt | ||
| 700 | _aII. Cisneros, Sarah | ||
| 700 | _aIII. Ortabasi, Ilse | ||
| 942 |
_2ddc _cBK-CIRC _n0 |
||
| 999 |
_c8658 _d8658 |
||